[Event "Baku op"]
[Site "Baku"]
[Date "2018.11.24"]
[Round "1"]
[White "Sadigzada, Ravan"]
[Black "Sanikidze, Tornike"]
[Result "0-1"]
[WhiteElo "1573"]
[BlackElo "2512"]
[PlyCount "64"]
[EventDate "2018.11.24"]
[EventType "swiss"]
[EventRounds "9"]
[EventCountry "AZE"]
[SourceTitle "CBM 187 Extra"]
[Source "ChessBase"]
[SourceDate "2018.11.04"]
[SourceVersion "1"]
[SourceVersionDate "2018.11.04"]
[SourceQuality "1"]

1. d4 Nf6 2. c4 e6 3. Nc3 c5 4. d5 d6 5. Nf3 exd5 6. cxd5 g6 7. Bf4 a6 8. a4 Bg7 9. h3 0-0 10. e3 Re8 11. Be2 Nfd7 12. 0-0 Qe7 13. Re1 Ne5 14. Nd2 Nbd7 15. a5 f5 16. Qc2 Rf8 17. Nc4 g5 18. Bh2 Nxc4 19. Bxc4 Ne5 20. Bxe5 Qxe5 21. Na4 Rb8 22. Re2 f4 23. exf4 Qxf4 24. Nb6 Bf5 25. Bd3 Bd4 26. Bxf5 Rxf5 27. Rf1 Rbf8 28. Kh1 Be5 29. Rxe5 Qxe5 30. Nd7 Rxf2 31. Rxf2 Qe1+ 32. Kh2 Rxf2 0-1